000
00335nam a22001457a 4500
003
OSt
008
220521b ||||| |||| 00| 0 eng d
020
_a
978-1-4736-6894-2
082
_a
158.1 ELM
100
_a
ELROD,Hal
245
_a
Miracle Morning
260
_a
U.K.
_b
John Murray Learning
_c
2017
300
_a
189
942
_2
ddc
_c
BK
999
_c
11238
_d
11238